| 000 | 00627cab a2200217 4500 | ||
|---|---|---|---|
| 001 | ABS48285 | ||
| 008 | 090401t1993 xxu||||| |||| 00| 0 eng d | ||
| 035 | _a(Sirsi) u65931 | ||
| 041 | _aeng | ||
| 245 | _aAnatomy of a building disaster | ||
| 260 | _c1993 | ||
| 350 | _a0 | ||
| 490 |
_aEngineering News Record _v230(10) 8 March 1993, 8-15; 230(11) 15 March 1993, |
||
| 520 | _aDescription of the affects of the bomb under the World Trade Centre in New York. | ||
| 650 | _aBOMB DAMAGE | ||
| 650 | _aSTRUCTURAL DAMAGE | ||
| 650 | _aTERRORISM | ||
| 690 | _aOVERSEAS-NORTH AMERICA | ||
| 942 | _n0 | ||
| 948 | _c04/03/1997 | ||
| 999 |
_c41184 _d41184 |
||